False start in Africa. (Record no. 28119)

MARC details
000 -LEADER
fixed length control field 01040cam a22002771 4500
001 - CONTROL NUMBER
control field 9875806
005 - DATE AND TIME OF LATEST TRANSACTION
control field 20050508172026.0
008 - FIXED-LENGTH DATA ELEMENTS--GENERAL INFORMATION
fixed length control field 720321s1966 nyu b 000 0 eng
010 ## - LIBRARY OF CONGRESS CONTROL NUMBER
LC control number 66016593
035 ## - SYSTEM CONTROL NUMBER
System control number (OCoLC)268393
040 ## - CATALOGING SOURCE
Original cataloging agency DLC
Transcribing agency ODaWU
Modifying agency OCoLC
-- DLC
041 1# - LANGUAGE CODE
Language code of text/sound track or separate title engfre
042 ## - AUTHENTICATION CODE
Authentication code premarc
050 00 - LIBRARY OF CONGRESS CALL NUMBER
Classification number HC502
Item number .D86 1966
082 ## - DEWEY DECIMAL CLASSIFICATION NUMBER
Classification number 338.0967
100 1# - MAIN ENTRY--PERSONAL NAME
Personal name Dumont, René,
Dates associated with a name 1904-
651 #0 - SUBJECT ADDED ENTRY--GEOGRAPHIC NAME
Geographic name Africa, Sub-Saharan
245 10 - TITLE STATEMENT
Title False start in Africa.
Statement of responsibility, etc Translated by Phyllis Nauts Ott. Introd. by Thomas Balogh. With an additional chapter by John Hatch.
260 ## - PUBLICATION, DISTRIBUTION, ETC. (IMPRINT)
Place of publication, distribution, etc New York,
Name of publisher, distributor, etc Praeger
Date of publication, distribution, etc [1966]
300 ## - PHYSICAL DESCRIPTION
Extent 320 p.
Dimensions 23 cm.
500 ## - GENERAL NOTE
General note Translation of L'Afrique noire est mal partie.
504 ## - BIBLIOGRAPHY, ETC. NOTE
Bibliography, etc Bibliography: p. [318]-320.
651 #0 - SUBJECT ADDED ENTRY--GEOGRAPHIC NAME
General subdivision Economic conditions
Chronological subdivision 1918-
906 ## - LOCAL DATA ELEMENT F, LDF (RLIN)
a 7
b cbc
c oclcrpl
d u
e ncip
f 19
g y-gencatlg
942 ## - ADDED ENTRY ELEMENTS (KOHA)
Source of classification or shelving scheme Library of Congress Classification
Item type Book
Holdings
Withdrawn status Lost status Source of classification or shelving scheme Damaged status Not for loan Collection code Home library Current library Shelving location Date acquired Source of acquisition Total Checkouts Full call number Barcode Date last seen Date last borrowed Copy number Price effective from Koha item type
    Library of Congress Classification     Non-fiction Bishop Okullu Memorial Library (Limuru Campus) Bishop Okullu Memorial Library (Limuru Campus) General Circulation 02/03/2010 purchase 2 HC502 .D86 1966 018262 27/02/2025 11/02/2025 1 02/03/2010 Book